| 000 | 00703nam a22002657a 4500 | ||
|---|---|---|---|
| 003 | OSt | ||
| 005 | 20140310184325.0 | ||
| 008 | 121110t xxu||||| |||| 00| 0 eng d | ||
| 020 | _a0439733189 | ||
| 050 |
_aPZ 7 _b.J66 2006 |
||
| 100 |
_aJohnson, Jennifer _924824 |
||
| 245 |
_aWhat a princess! : _ba bratty reality show! / _cJennifer Johnson, illustrated by Liza Corbett. |
||
| 260 |
_aNew york, NY : _bScholastic Inc., _c2006. |
||
| 300 |
_a16 p. : _bill.: col. ; _c23 cm. |
||
| 521 | _aG2 | ||
| 526 | _c400 | ||
| 942 |
_2lcc _cBK-SCHOLAS |
||
| 999 |
_c33618 _d33618 |
||